000 00671nam a2200205Ia 4500
001 13113
003 GE_BSU
008 181216s||||||||xx |||||||||||||| ||und||
040 _cGE_BSU
080 _a631.4
100 _aВильямс,В.Р.
245 _aСобрание сочинении в двенадцати томах.т.5. Почвоведение
245 _cРед.кол.В.П.Бушинский. Т.Д.Лысенко.Ред.А.И.Корчагин
260 _aМосква
260 _bГосиздат сель.-хоз.лит-ры
260 _c1950
300 _a624стр.27см.фото.илл.
653 _aЗемледелие
942 _cBK
999 _c46279
_d46279